Loreto College Library, Kolkata
WEBOPAC (ONLINE PUBLIC ACCESS CATALOGUE)

The Aims of Education, (Record no. 10615)

MARC details
000 -LEADER
fixed length control field 00634nam a2200229Ia 4500
005 - DATE AND TIME OF LATEST TRANSACTION
control field 20240131111329.0
008 - FIXED-LENGTH DATA ELEMENTS--GENERAL INFORMATION
fixed length control field 131103s9999 xx 000 0 und d
020 ## - ISBN | অাই এস বি এন
ISBN | অাই এস বি এন 273361635
PRICE 30 p. net.
040 ## - CATALOGING SOURCE
Original cataloging agency Loreto College
041 ## - LANGUAGE CODE
Language code English
082 ## - DDC | ডিউই
Classification number | বর্গসংখ্যা 370.1
Book Number | গ্রন্থাঙ্ক JEF
100 ## - MAIN ENTRY--PERSONAL NAME | মুখ্য সংলেখ - ব্যাক্তিনাম
Personal name | ব্যাক্তিনাম Jeffreys,M.V.C.
245 #4 - TITLE STATEMENT | অাখ্যা বিবরণী
Title | অাখ্যা The Aims of Education,
Statement of responsibility | লেখকের দায়িত্বের বিবরণ M.V.C.Jeffreys
260 ## - IMPRINT | প্রকাশনা ক্ষেত্র
Place of publication | প্রকাশ স্থান London
Name of publisher | প্রকাশকের নাম Pitman Publishing
Date of publication | প্রকাশ কাল [19 -?]
300 ## - PHYSICAL DESCRIPTION |
Page / Vol. No | পৃষ্ঠা / খন্ড সংখ্যা 173 p.
504 ## - BIBLIOGRAPHY, ETC. NOTE
Bibliography, etc Includes bibliographical references,index,foot notes
630 ## - SUBJECT ADDED ENTRY--UNIFORM TITLE
Uniform title Philosophy and Theory Of Education
650 ## - SUBJECT ADDED ENTRY--TOPICAL TERM | বিষয় শিরোনাম - মূল বিষয়
Topical term | মূল বিষয় Education
651 ## - SUBJECT ADDED ENTRY--GEOGRAPHIC NAME | বিষয় শিরোনাম - ভৌগলিক নাম
Geographic name | ভৌগলিক বিষয় Education
850 ## - HOLDING INSTITUTION
Holding institution LCLIB
942 ## - ADDED ENTRY ELEMENTS (KOHA)
Koha item type Books
Holdings
Withdrawn status Lost status Source of classification Damaged status Not for loan Home library Current library Date acquired Total Checkouts Full call number Accession No. Date last seen Date checked out Price effective from Koha item type Coded location qualifier
    Dewey Decimal Classification     Loreto College Loreto College 04/11/2013 1 370.1 JEF B10502 23/08/2017 23/08/2017 04/11/2013 Books